|
|
|
|
| LEADER |
01028nam a2200229 a 4500 |
| 001 |
7819368 |
| 008 |
090714r2001 nyu 000 0 eng d |
| 020 |
|
|
|a 8171675530
|
| 010 |
|
|
|a 33003381
|
| 040 |
|
|
|a DLC
|c OClU
|d DLC
|
| 082 |
|
|
|a 821.0822
|2 21
|
| 245 |
1 |
4 |
|a The golden treasury :
|b of the best songs and lyrical poems in the English /
|c selected and arrange by Francis Turner Palgrave; with an introduction and additional poems selected and arranged by C.Day Lewis.
|
| 260 |
|
|
|a New York :
|b The Literary Guild of America ;
|a New Delhi :
|b Rupa & co.
|c 2001[Reprinted]
|
| 300 |
|
|
|a 2 p. l., viii p., 1 l., 370 p.
|c 21 cm.
|
| 490 |
0 |
|
|a Rupa classics
|
| 541 |
1 |
|
|e 00015867
|
| 650 |
|
0 |
|a English poetry.
|
| 700 |
1 |
|
|a Palgrave, Francis Turner,
|d 1824-1897.
|
| 700 |
1 |
|
|a Lewis C.Day.
|
| 852 |
4 |
|
|a Ayesha Abed Library
|j General shelf
|
| 999 |
|
|
|c 2431
|d 2431
|
| 952 |
|
|
|0 0
|1 0
|2 ddc
|4 0
|6 821_082200000000000_GOL_2004
|7 0
|9 2244
|a BRACUL
|b BRACUL
|c GEN
|d 2009-07-14
|g 304.00
|l 2
|m 16
|o 821.0822 GOL
|p 3010015867
|r 2019-10-31
|s 2019-07-21
|t 1
|w 2009-07-14
|y BK
|